Economic development, the family and income distribution (Record no. 156092)

MARC details
000 -LEADER
fixed length control field 00519nam a2200181Ia 4500
008 - FIXED-LENGTH DATA ELEMENTS--GENERAL INFORMATION
fixed length control field 191130s1989##################000#0#eng##
020 ## - INTERNATIONAL STANDARD BOOK NUMBER
ISBN 9780521521963
082 ## - DEWEY DECIMAL CLASSIFICATION NUMBER
Classification number 338.9 KUZ
100 ## - MAIN ENTRY--AUTHOR NAME
Personal name Kuznets, Simon
245 ## - TITLE STATEMENT
Title Economic development, the family and income distribution
Statement of responsibility, etc Simon Kuznets
260 ## - PUBLICATION, DISTRIBUTION, ETC. (IMPRINT)
Place of publication Cambridge
Name of publisher Cambridge University Press
Year of publication 1989
300 ## - PHYSICAL DESCRIPTION
Number of Pages 463 p.23 cm
650 ## - SUBJECT ADDED ENTRY--TOPICAL TERM
Topical Term Economics
991 ## -
-- 211389
Holdings
Withdrawn status Lost status Damaged status Not for loan Home library Current library Shelving location Date acquired Full call number Accession Number Price effective from Koha item type
        Anna Centenary Library Anna Centenary Library 4TH FLOOR, A WING 12.10.2020 338.9 KUZ 194753 12.10.2020 English Books

Find us on the map